000 00578nam a2200193 a 4500
005 20210223123923.0
008 991125n 000 0 u
035 _aUPN01000080830
100 1 _aKaplún, Mario,
_d1923-1998
_928813
222 _aREVISTA EDUCACION DE ADULTOS
245 _aHacia nuevas estrategias de comunicación en la educación de adultos
300 _a6-23
362 0 _a1984 Vol. 2, no. 1 ene.-mar.
653 0 _aEDUCACION A DISTANCIA
653 0 _aEDUCACION DE ADULTOS
653 0 _aEDUCACION NO FORMAL
904 _aAC
_b018641
905 _aArticulo
999 _c69664
_d69664